| 000 | 00679nam a2200253Ia 4500 | ||
|---|---|---|---|
| 003 | OSt | ||
| 005 | 20220926014619.0 | ||
| 006 | a|||||r|||| 00| 0 | ||
| 007 | ta | ||
| 008 | 220923b |||||||| |||| 00| 0 eng d | ||
| 037 | _cGeneral Book | ||
| 040 |
_aRTL _cRTL _beng |
||
| 041 |
_2eng _aeng |
||
| 082 | _aU.1, K5 | ||
| 100 |
_aMorris John W Ed. _9320867 |
||
| 245 | 0 | _aWorld geogrpahy | |
| 250 | _a2nd | ||
| 260 |
_aNew York _bMcgraw-Hill Book _c1965 |
||
| 300 |
_a710p _ccm. |
||
| 650 |
_aWorld Geography _9205937 |
||
| 700 | _a Freeman Otis W Ed. | ||
| 942 |
_hU.1, K5 _cGB _2CC |
||
| 999 |
_c629479 _d629479 |
||